Apología para la Historia o el oficio de historiador

Saved in:
Bibliografiske detaljer
Hovedforfatter: Bloch, Marc (Author)
Format: Bog
Sprog:spansk
Udgivet: Ciudad de México Fondo de Cultura Económica 2001
Udgivelse:2a. ed
Fag:
Tags: Tilføj Tag
Ingen Tags, Vær først til at tagge denne postø!

MARC

LEADER 00000nam a2200000 a 4500
001 UCH2878
003 CL-VaPUC
008 090702e20010000MX |||||||||||||||||spa|d
020 |a 9681660307 
082 0 4 |a 907.2  |b BLO  |2 21 
100 0 |a Bloch, Marc  |e author  |9 497099 
245 1 0 |a Apología para la Historia o el oficio de historiador 
250 |a 2a. ed 
300 |a 181 p 
942 |c BK 
945 |d 20090702 00:00:00  |a dcastane 
260 |a Ciudad de México  |b Fondo de Cultura Económica  |c 2001 
650 0 |a Historiografía   |9 257871 
650 0 |a Historiadores  |9 314498 
650 0 |a Investigación histórica  |9 344844 
583 |a last modification  |c 20090702 00:00:00  |k Rodrigo Vera 
999 |c 334546  |d 334544 
952 |0 0  |1 0  |4 0  |6 907_200000000000000_BLO_2001  |7 0  |8 A  |9 423646  |a BIBHIS  |b BIBHIS  |d 2019-11-22  |i 4568419  |l 12  |m 2  |o 907.2 BLO 2001  |p 4568419  |r 2025-01-20  |s 2024-03-27  |w 2019-11-22  |y BK  |k HIS